| 000 | 00000nam##2200000za#4500 |
| 001 | 9.526837 |
| 003 | CaOODSP |
| 005 | 20200327091557 |
| 007 | ta |
| 008 | 150406|1996||||xxc||||| f|0| 0 fre|d |
| 020 | |a0-662-62188-3 |
| 040 | |aCaOODSP|bfre |
| 041 | |aeng |
| 041 | |afre |
| 043 | |an-cn--- |
| 086 | 1 |aSC94-61/18-1996 |
| 110 | 1 |aCanada.|bCentre canadien de gestion. |
| 245 | 13|aLa capacité des pouvoirs publics d'élaborer des politiques / |cpar B. Guy Peters. |
| 260 | |aOttawa - Ontario : |bCentre canadien de gestion |c1996. |
| 300 | |aTexte français, ii, 62p. : |btableaux ; |c23 cm. |
| 490 | 1 |aRapport de recherche|vN° 18 |
| 500 | |aN.B.: Cette publication a déjà été signalée à titre de renseignements seulement, dans la Liste hebdomadaire 1998 n° 11 (le 13 mars 1998). |
| 504 | |aBibliographie. |
| 546 | |aBilingue |
| 563 | |aCouverture souple |
| 590 | |a98-35|b1998-08-28 |
| 590 | |a98-11|b1998-03-13 |
| 691 | 07|aPolitique gouvernementale|2gcpds |
| 720 | 1 |aPeters, Guy B. |
| 776 | 0#|tLa capacité des pouvoirs publics d'élaborer des politiques |w(CaOODSP)9.603127 |
| 791 | |tThe policy capacity of government / |eeng|w(CaOODSP)9.526836 |
| 830 | #0|aRapport de recherche ;|vN° 18|w(CaOODSP)9.509635 |